Research proposals: a guide for scientists, technologists and research institutes in developing countries (Record no. 491581)

000 -LEADER
fixed length control field 00472cam a22001097a 4500
008 - FIXED-LENGTH DATA ELEMENTS--GENERAL INFORMATION
fixed length control field 180718b1973 xxu||||| |||| 00| 0 eng d
082 ## - DEWEY DECIMAL CLASSIFICATION NUMBER
Classification number I55 Un3
245 ## - TITLE STATEMENT
Title Research proposals: a guide for scientists, technologists and research institutes in developing countries
Statement of responsibility, etc. by Department of Economic and Social Affairs, United Nations
260 ## - PUBLICATION, DISTRIBUTION, ETC.
Place of publication, distribution, etc. New York
Name of publisher, distributor, etc. United Nations publications
Date of publication, distribution, etc. 1973
300 ## - PHYSICAL DESCRIPTION
Extent 37+p
700 ## - ADDED ENTRY--PERSONAL NAME
Personal name United Nations. Department of Economic and Social Affairs
Holdings
Withdrawn status Lost status Damaged status Not for loan Permanent Location Current Location Date acquired Full call number Barcode Date last seen Price effective from Koha item type
        Indian Institute of Public Administration Indian Institute of Public Administration 2018-08-04 I55 Un3 G12490 2018-08-04 2018-08-04 G

Powered by Koha